000 00616nam a2200253 a 4500
001 nice12345678
003 IN_TiNIC
005 20260116011321.0
008 050524s1963 oxfa grp 000 0 eng
020 _a
_c25.84
082 0 0 _a297.8
_bPRI
100 _aPritchard, E E Evans
245 _aSanusi of Cyrenaica
260 _aOxford
_bClarendon Press
_c1963
300 _a240p
500 _aincludes index and biblioraphy
505 2 _aIll, Index
650 _aSanusi of Cyrenaica
650 _aIslam-North Africa
700 1 _aPritchard, E E Evans
902 _bSRS
942 _cBK
999 _c449
_d449